1641 1144 1405 1847 1974 1390 1039 1473 1570 1916 1490 1520 1605 1973 1210 1372 1638 1530 1409 1063 1376 1743 1440 1343 1408 1444 1320 1124 1985 1531 1116 1045 1421 1798 1953 1212 1313 1744 1170 1764 1346 1477 1172 1592 1699 1351 1026 1570 1973 1277 1228 1254 1444 1295 1084 1192 1267 1096 1271 1596 1811 1785 1345 1284 1722 1243 1050 1492 1495 1108 1846 1010 1971 1552 1795 1211 1095 1443 1351 1759 1288 1023 1499 1833 1302 1574 1240 1261 1691 1452 1962 1091 1661 1498 1262 1085 1258 1889 1625 BCNSPRNW ULIB Ver.6.0+V

เปลี่ยนเป็นภาษาไทย

Change to English
 แสดงรายละเอียดบรรณานุกรม
  กลับหน้าหลัก

Brief Record : Get Marc (ISO 2709) : E-mail record : QR code < ปิดหน้าต่าง
LEADER : 00000nam 2200000uu 4500
001    13399112799
003     ULIB
008    110627s2552||||th 000 0 tha d
020    9789742467258
090    นว.^bด899จ 2552
100 0  เดวี่,พริตตี้
245 00 เจ้าชายจอมซ่าส์กับซินเดอเรลล่าสุดเซอร์/^cเดวี่,พริตตี้
250    พิมพ์ครั้งที่ 2
260    กรุงเทพฯ :^bเลิฟเบอร์รี่บุ๊ค,^c2552
300    178 หน้า
710 1  เลิฟเบอร์รี่บุ๊ค
945    ^p148^l0^i026479
995    ทศพร
999 ^a ใช้งานได้ทุกระบบ
รายการนี้ยังไม่มีแท็ก
คุณยังไม่ได้ล็อกอิน คุณสามารถมีกิจกรรมร่วมกับเว็บไซต์ได้ แต่ต้องล็อกอินก่อน ::
  ล็อกอิน

รายการสื่อสารสนเทศ

ลำดับที่ ประเภท เลขเรียก/บาร์โค้ด สถานที่ สถานะ
- ไม่พบข้อมูล -

BibComment


ยังไม่เคยถูกคอมเมนท์

คอมเมนท์ทรัพยากรรายการนี้
  คอมเมนท์: เจ้าชายจอมซ่าส์กั..


 Copyright 2026. Bcnsprnw @Library